00584 a2200193 450000500170000001000150001702000260003203500140005803700130007208200140008510000140009924500770011325000190019026000480020927000700025730000260032770000160035370000210036920230714153043.0 aENG-137401 a9788194878148c456.00 aEN-120933 bDBAD/Pub14a346.54048 aSudha, K.1 aIntellectual Property RightscK. Sudha, K. Sathish [and] B. Kanaka Laxmi aFirst edition. aHyderabadbSpectrum Educational Booksc2022 a326/C, level-5, near B K Guda Park, S R NagarbHyderabade500 038 avi, 226p.;c24cm(pbk) aSathish, K. aLaxmi. B. Kanaka